Engineering Heat Transfer (Record no. 224095)

MARC details
000 -LEADER
fixed length control field 00460nam a2200193Ia 4500
008 - FIXED-LENGTH DATA ELEMENTS--GENERAL INFORMATION
fixed length control field 240823s9999||||xx |||||||||||||| ||und||
020 ## - INTERNATIONAL STANDARD BOOK NUMBER
International Standard Book Number 978-1-4200-7202-0
082 ## - DEWEY DECIMAL CLASSIFICATION NUMBER
-- 621.4022 P9
100 ## - MAIN ENTRY--PERSONAL NAME
Personal name William S Janna
245 #0 - TITLE STATEMENT
Title Engineering Heat Transfer
250 ## - EDITION STATEMENT
Edition statement 3rd
260 ## - PUBLICATION, DISTRIBUTION, ETC. (IMPRINT)
Date of publication, distribution, etc 2009
Name of publisher, distributor, etc "CRC Press,Boca "
500 ## - GENERAL NOTE
General note YES
650 ## - SUBJECT ADDED ENTRY--TOPICAL TERM
Topical term or geographic name as entry element Heat Transfer
942 ## - ADDED ENTRY ELEMENTS (KOHA)
Item type Books
Holdings
Withdrawn status Lost status Damaged status Permanent location Current location Date acquired Source of acquisition Cost, normal purchase price Full call number Barcode Date last seen Koha item type
      CENTRAL LIBRARY, NOORUL ISLAM CENTRE FOR HIGHER EDUCATION CENTRAL LIBRARY, NOORUL ISLAM CENTRE FOR HIGHER EDUCATION 10/30/2015 Tamil Nadu Book House 895.00 621.4022 P9 72946 08/23/2024 Books
Visitors:
Copyright © 2024 Central Library NICHE.  All rights reserved.